000 00587nam a2200205Ia 4500
005 20250923145241.0
008 008 250917s9999 xx 000 0 eng d
037 _aTextual
040 _aDSWL
_beng
_cDSWL
041 _aeng
_2eng
084 _aX:93.2, N66
_qDSWL
100 _aChakraborty, P.
_9833351
245 0 _aIndian central wage Boards analysis
_cby P. Chakraborty
260 _aCalcutta
_bDas Gupta & Co. Pvt. Ltd.
_c1966
300 _a164p.
365 _aINR
_b6.50
925 _g6.50
942 _cTEXL
_hX:93.2, N66
999 _c1448971
_d1448971